Statistics for World Cities by Airport Code - #3

Click here to take the quiz!

General Stats

  • This quiz has been taken 29 times
  • The average score is 9 of 15

Answer Stats

HintAnswer% Correct
LAXLos Angeles
96%
PHXPhoenix
89%
LISLisbon
85%
FRAFrankfurt
81%
MNLManila
78%
NCENice
78%
BOGBogota
70%
KULKuala Lumpur
70%
SINSingapore
70%
CPHCopenhagen
63%
JEDJeddah
63%
GVAGeneva
48%
KEFReykjavik (Keflavik)
30%
AUHAbu Dhabi
15%
CMNCasablanca
11%

Score Distribution

Percentile by Number Answered

Percent of People with Each Score

Your Score History

You have not taken this quiz